LEADER 01199nam0-22004331i-450- 001 990006518480403321 005 20051108154716.0 010 $a88-204-3093-2 035 $a000651848 035 $aFED01000651848 035 $a(Aleph)000651848FED01 035 $a000651848 100 $a20010426d1988----km-y0itay50------ba 101 0 $aita 102 $aIT 105 $ay-------001yy 200 1 $aContingenza e socialità dell'azione$fAndrea Bixio$gprefazione di Franco Crespi 210 $aMilano$cFranco Angeli$d1988 215 $a104 p.$d22 cm 225 1 $aCollana di sociologia$v130 610 0 $aSociologia del diritto$aTeoria 676 $a361.2 676 $a340.115 676 $a128.4 700 1$aBixio,$bAndrea$0374913 702 1$aCrespi,$bFranco$f<1930- > 801 0$aIT$bUNINA$gRICA$2UNIMARC 901 $aBK 912 $a990006518480403321 952 $aCOLLEZ. 139 (130)$b9669$fFSPBC 952 $a11120 BIX$b7129$fSES 952 $a340.115 BIX 1$b2896$fBFS 952 $aXI N 456 (130)$b22502*$fFGBC 959 $aFSPBC 959 $aSES 959 $aBFS 959 $aFGBC 996 $aContingenza e socialità dell'azione$9620842 997 $aUNINA LEADER 01094nam 22003973 450 001 9910131674103321 005 20101102000000.0 010 $a88-7470-386-4 035 $a(CKB)3460000000088158 035 $a(ItFiC)it 002448609 035 $a(EXLCZ)993460000000088158 100 $a20110322d2007 uy 0 101 0 $aita 200 13$aLa parola accesa $euna mappa di letture /$fDavide Rondoni 205 $aNuova ed. ampliata. 210 $aBari $cEdizioni di Pagina$d2007 215 $axiii, 211 p. ;$d18 cm 225 0$aAccènti ;$v11 300 $aCollected lectures, partly already publ. 300 $aFirst publ. 2006, now enlarged. 311 $a88-7470-050-4 320 $aIncludes bibliographical references. 517 $aParola accesa 517 $aLa parola accesa 676 $a806 676 $a851 676 $a850 676 $a841 676 $a821 700 $aRondoni$b Davide$f1964-$0176227 801 0$bItFiC 801 1$bItFiC 906 $aBOOK 912 $a9910131674103321 996 $aLa parola accesa$92434682 997 $aUNINA LEADER 01008nam a22002651i 4500 001 991000312509707536 005 20040809103529.0 008 040920s1999 it ita 020 $a9788823804968 035 $ab1320371x-39ule_inst 035 $aARCHE-114995$9ExL 040 $aSet. Economia$bita$cA.t.i. Arché s.c.r.l. Pandora Sicilia s.r.l. 082 04$a657.8360 100 1 $aDi Mascio, Antonello$0374505 245 13$aLa valutazione dei titoli assicurativi /$cAntonello Di Mascio 260 $aMilano :$bEGEA,$c[1999] 300 $a237 p. ;$c24 cm 490 $aQuaderni ;$v18 650 4$aCompagnie di assicurazione$xCapitale$xValutazione 907 $a.b1320371x$b26-03-19$c23-09-04 912 $a991000312509707536 945 $aLE025 ECO 657.8 DIM01.01$g1$i2025000171701$lle025$nCatalogato 2019$o-$pE0.00$q-$rl$s- $t0$u1$v0$w1$x0$y.i13858610$z23-09-04 996 $aValutazione dei titoli assicurativi$9466104 997 $aUNISALENTO 998 $ale025$b23-09-04$cm$da $e-$fita$git $h3$i1